| 000 | 01049nam a2200289 i 4500 | ||
|---|---|---|---|
| 001 | bg | ||
| 100 | 1 | _aDrury, Colin. | |
| 245 | 1 | 0 |
_aRachunek kosztów : _bwprowadzenie / _cColin Drury ; przekł. [z ang.] zespół pracowników Katedry Rachunkowości Uniwersytetu Łódzkiego pod kier. Alicji Jarugowej, tł. A. Jarugowa [et al.]. |
| 246 |
_iTyt. oryg.: _aCosting : an introduction |
||
| 250 |
_a[Wyd. 1 _adodr.2]. |
||
| 260 |
_aWarszawa : _bWydaw. Naukowe PWN ; _aLondon [etc.] : _bChapman & Hall [etc.], _c1998. |
||
| 300 |
_a546, [1] s. : _bwykr. ; _c25 cm. |
||
| 500 | _aOryg. : "Costing : an introduction", 1990. | ||
| 504 | _aIndeks. | ||
| 650 | 9 |
_aDecyzje _xgospodarka |
|
| 650 | 9 | _aInformacja dla zarządzania | |
| 650 | 9 |
_aKoszty _xrachunkowość |
|
| 650 | 9 |
_aPrzedsiębiorstwo _xekonomika |
|
| 655 | _aPodręczniki akademickie | ||
| 020 | _a8301117192 | ||
| 040 | _cBPK | ||
| 041 | 1 |
_apol _heng |
|
| 080 | _a657.47:658.1/.5.011](075.8) | ||
| 920 | _a83-01-11719-2 | ||
| 942 | _cKS | ||
| 008 | 000204s1998 pl f |000 0 pol | ||
| 999 |
_c36356 _d36356 |
||
| 856 |
_uhttp://koha.tu.koszalin.pl/cgi-bin/koha/opac-detail.pl?biblionumber=36356 _yKatalog online BPK |
||